00901cam a2200265 i 4500003000700000005001700007008004100024020001800065040002100083041000800104082002100112100002300133245013400156250001900290260004700309300002500356336002100381504005100402650004600453650005300499650003000552650002700582700001900609856000700628IMU CC20260310164531.0131202s2014 nyu b 001 0 eng  a9780393350647 aIMU CCbengerda0 aeng00223a303.483bBRY aBrynjolfsson, Erik14aThe second machine age :bwork, progress, and prosperity in a time of brilliant technologies /cErik Brynjolfsson, Andrew McAfee. aFirst Edition. aNew York :bW. W. Norton & Company,c2016. aXIV, 306 p ;c21 cm. atext2rdacontent aIncludes bibliographical references and index. 0aInformation technologyxEconomic aspects. 0aEconomic developmentxTechnological innovations. 0aProgressxSocial aspects. 0aSocial stratification. aMcAfee, Andrew yBK